[Event "25.Schlosspark-Open"]
[Site "Wiesbaden-Biebrich"]
[Date "2013.08.24"]
[Round "5.54"]
[White "Beck, Michael"]
[Black "Kirmeir, Andreas"]
[Result "1/2-1/2"]
[WhiteElo "1930"]
[BlackElo "1738"]
[PlyCount "64"]
[EventDate "2013.??.??"]
[WhiteTeam "SC Flörsheim 1921"]
[BlackTeam "SC Landskrone"]

1. Nf3 g6 2. e4 Bg7 3. d4 d6 4. Nc3 e6 5. Bg5 Ne7 6. Qd2 h6 7. Be3 b6 8. Bb5+
Nd7 9. O-O Bb7 10. Rfe1 g5 11. h3 a6 12. Bd3 Ng6 13. Ne2 Nf6 14. Ng3 Qe7 15. c4
g4 16. hxg4 Nxg4 17. Kf1 Nxe3+ 18. Qxe3 h5 19. Bc2 h4 20. Ba4+ Kf8 21. Ne2 Bh6
22. Qd3 Rg8 23. Bc2 Qf6 24. Rad1 Qg7 25. Nfg1 Ne5 26. Qh3 Nxc4 27. Nf3 e5 28.
b3 Bc8 29. Qh2 Na3 30. Bd3 Bf4 31. Nxf4 exf4 32. Qxf4 Qxg2+ 1/2-1/2

[Event "25.Schlosspark-Open"]
[Site "Wiesbaden-Biebrich"]
[Date "2013.08.24"]
[Round "5.55"]
[White "Kannenberg, Carl-Friedrich"]
[Black "Schöber, Sebastian"]
[Result "1/2-1/2"]
[WhiteElo "1927"]
[BlackElo "1730"]
[PlyCount "60"]
[EventDate "2013.??.??"]
[WhiteTeam "SAbt TuS Dotzheim"]
[BlackTeam "SC Rochade 69 Diez e. V."]

1. e4 c5 2. Nf3 e6 3. Be2 d5 4. exd5 exd5 5. d4 Nf6 6. O-O Be7 7. c3 O-O 8. Bf4
Nc6 9. h3 Qb6 10. b3 cxd4 11. cxd4 Ne4 12. Be3 Bf5 13. Bd3 Nb4 14. Bxe4 dxe4
15. Ne5 Nd3 16. Nc3 Rfd8 17. Nxd3 exd3 18. f4 Bf6 19. Qd2 Bxd4 20. Rf3 Rac8 21.
Rc1 Bxe3+ 22. Rxe3 Re8 23. Kf2 Qd4 24. g3 Rc6 25. Kf3 Rce6 26. Rce1 Rxe3+ 27.
Rxe3 Rxe3+ 28. Qxe3 Qxe3+ 29. Kxe3 Bxh3 30. Kxd3 Bg2 1/2-1/2

[Event "25.Schlosspark-Open"]
[Site "Wiesbaden-Biebrich"]
[Date "2013.08.24"]
[Round "5.56"]
[White "Bajer, Renato"]
[Black "Spinnler, Wolfgang"]
[Result "1-0"]
[WhiteElo "1923"]
[BlackElo "1683"]
[PlyCount "59"]
[EventDate "2013.??.??"]
[WhiteTeam "SF 47 Neckartenzlingen"]
[BlackTeam "SC Landskrone"]

1. e4 d5 2. exd5 Qxd5 3. Nc3 Qd6 4. d4 Nf6 5. Nf3 a6 6. h3 b5 7. Be3 Bb7 8. Be2
e6 9. O-O Be7 10. Ne5 O-O 11. a3 Nd5 12. Nxd5 Bxd5 13. Bd3 Nd7 14. f4 Nf6 15.
f5 Be4 16. fxe6 Qxe6 17. Rxf6 Bxf6 18. Bxe4 Rad8 19. Qf3 Bxe5 20. Bf5 Qd6 21.
dxe5 Qd5 22. c3 Qxf3 23. gxf3 Rfe8 24. Bd4 c5 25. Bxc5 Rxe5 26. Bb6 Rd2 27. Be4
Rg5+ 28. Kf1 f5 29. Be3 Rxb2 30. Bd5+ 1-0

[Event "25.Schlosspark-Open"]
[Site "Wiesbaden-Biebrich"]
[Date "2013.08.24"]
[Round "5.57"]
[White "Diehl, Stefan"]
[Black "Rennhack, Peer"]
[Result "0-1"]
[WhiteElo "1699"]
[BlackElo "1919"]
[PlyCount "72"]
[EventDate "2013.??.??"]
[WhiteTeam "SC 1910 Höchst"]
[BlackTeam "Sabt Frankfurter TV 1860"]

1. f4 Nf6 2. Nf3 c5 3. e3 d5 4. b3 Nc6 5. Bb5 Bd7 6. O-O e6 7. d3 Be7 8. Bb2
Qb6 9. Bxc6 Bxc6 10. Ne5 d4 11. e4 Qc7 12. Nd2 h5 13. Ndc4 Nd7 14. Nxc6 Qxc6
15. a4 O-O-O 16. Qf3 f6 17. c3 e5 18. cxd4 cxd4 19. Rfc1 Kb8 20. fxe5 fxe5 21.
Qg3 h4 22. Qe1 Qe6 23. b4 h3 24. g3 Bg5 25. Rc2 Rc8 26. Bc1 Be7 27. Rf2 Nf6 28.
Bd2 Ng4 29. Rf1 Rhf8 30. Qe2 Rf6 31. Rxf6 gxf6 32. b5 Bc5 33. Rf1 Qxc4 34. Qxg4
Qxd3 35. Be1 Qc2 36. Qxh3 d3+ 0-1

[Event "25.Schlosspark-Open"]
[Site "Wiesbaden-Biebrich"]
[Date "2013.08.24"]
[Round "5.60"]
[White "Traut, Stefan"]
[Black "Eg, Karlheinz"]
[Result "1-0"]
[WhiteElo "1775"]
[BlackElo "1999"]
[PlyCount "65"]
[EventDate "2013.??.??"]
[WhiteTeam "Sfr. Heusenstamm"]
[BlackTeam "SV Rüsselsheim 1929"]

1. d4 Nf6 2. Nf3 g6 3. c4 Bg7 4. Nc3 d5 5. cxd5 Nxd5 6. e4 Nxc3 7. bxc3 O-O 8.
Rb1 c5 9. Be2 Nc6 10. d5 Bxc3+ 11. Bd2 Bxd2+ 12. Qxd2 Na5 13. h4 Bg4 14. h5
Bxf3 15. gxf3 b6 16. Qh6 Qd6 17. Kf1 Kh8 18. hxg6 Qxg6 19. Qh2 Rg8 20. Bd3 c4
21. Bc2 Rg7 22. Ke2 Rag8 23. Rbg1 Qxg1 24. Rxg1 Rxg1 25. Qe5+ R1g7 26. Qxe7 f5
27. Qe5 fxe4 28. fxe4 Nb7 29. Ba4 Rd8 30. Bc6 Nc5 31. d6 a6 32. Qf6 Rb8 33. d7
1-0

[Event "25.Schlosspark-Open"]
[Site "Wiesbaden-Biebrich"]
[Date "2013.08.24"]
[Round "5.61"]
[White "Bratmann, Marc"]
[Black "Weiland, Thomas"]
[Result "0-1"]
[WhiteElo "1730"]
[BlackElo "1997"]
[PlyCount "86"]
[EventDate "2013.??.??"]
[WhiteTeam "SAbt TuS Dotzheim"]
[BlackTeam "SV Oberursel"]

1. e4 d5 2. exd5 Nf6 3. Nc3 Nxd5 4. Nxd5 Qxd5 5. d4 Nc6 6. c3 Bf5 7. Nf3 f6 8.
c4 Qe4+ 9. Qe2 e5 10. Qxe4 Bxe4 11. Bd2 Bxf3 12. gxf3 Nxd4 13. O-O-O Nxf3 14.
Bg2 e4 15. Bxf3 exf3 16. Rhe1+ Kf7 17. Re3 Bd6 18. h3 Bf4 19. Rxf3 Bxd2+ 20.
Rxd2 Rad8 21. Rfd3 Rxd3 22. Rxd3 Re8 23. Kd1 Re7 24. b4 Ke8 25. Rg3 g5 26. Rf3
Re6 27. Kd2 Ke7 28. a4 a6 29. a5 Re5 30. Kd3 Ke6 31. Kd4 h5 32. Rg3 Kd6 33. Rf3
Ke6 34. Rg3 Rf5 35. Re3+ Kd6 36. f3 Rf4+ 37. Kd3 Rh4 38. Kc3 Rxh3 39. Rd3+ Kc6
40. Kd4 Rh4+ 41. Kc3 Rf4 42. Re3 h4 43. Re6+ Kd7 0-1

[Event "25.Schlosspark-Open"]
[Site "Wiesbaden-Biebrich"]
[Date "2013.08.24"]
[Round "5.62"]
[White "Herda, Christoph"]
[Black "Diener, Carolin Valeria"]
[Result "1-0"]
[WhiteElo "1917"]
[BlackElo "1700"]
[PlyCount "69"]
[EventDate "2013.??.??"]
[WhiteTeam "SVG Lauterbach"]
[BlackTeam "Sfr.1891 Friedberg"]

1. Nc3 Nf6 2. g4 h6 3. e4 e5 4. Bc4 Nc6 5. h3 b6 6. Nf3 Bb7 7. a3 Nxe4 8. Bxf7+
Kxf7 9. Nxe4 d5 10. Ng3 e4 11. Ng1 Ne5 12. Qe2 Ng6 13. d4 Be7 14. Be3 Rf8 15.
O-O-O Kg8 16. Qd2 Qe8 17. Nf5 Bd8 18. h4 Ne7 19. Nxg7 Qg6 20. Bxh6 Rxf2 21.
Qxf2 Qxh6+ 22. g5 Qxg7 23. Nh3 Nc6 24. Nf4 Na5 25. Ne6 Qe7 26. Qf5 Qf7 27.
Qxf7+ Kxf7 28. Nxd8+ Rxd8 29. Rdf1+ Kg7 30. h5 Ba6 31. Rf6 e3 32. h6+ Kh7 33.
g6+ Kh8 34. g7+ Kh7 35. Rf8 1-0

[Event "25.Schlosspark-Open"]
[Site "Wiesbaden-Biebrich"]
[Date "2013.08.24"]
[Round "5.63"]
[White "Klimshin, Ilia"]
[Black "Bangert, Udo"]
[Result "1-0"]
[WhiteElo "1723"]
[BlackElo "1895"]
[PlyCount "122"]
[EventDate "2013.??.??"]
[WhiteTeam "vereinslos"]
[BlackTeam "SG Stern Stuttgart"]

1. e4 c5 2. Nf3 e6 3. d4 cxd4 4. Nxd4 Nf6 5. Nc3 d6 6. Be2 a6 7. Be3 Qc7 8. O-O
Nc6 9. h3 b5 10. Nxc6 Qxc6 11. Bf3 e5 12. a3 h6 13. Qd2 Be7 14. Rfd1 Bb7 15.
Be2 Rd8 16. Qe1 Qc7 17. Bf3 O-O 18. Rd2 Bc6 19. Qe2 Qb7 20. Qd3 Rfe8 21. Rad1
a5 22. Nd5 Nxd5 23. exd5 Bd7 24. Ra1 f5 25. Bh5 Rf8 26. f4 e4 27. Qf1 Rc8 28.
Qf2 Bf6 29. Bd4 Bxd4 30. Qxd4 Rc4 31. Qe3 Rfc8 32. c3 Qc7 33. Re1 Qc5 34. Kh2
Qxe3 35. Rxe3 a4 36. Be2 R4c5 37. Rd4 Kf7 38. Kg3 Kf6 39. Kf2 g5 40. g3 Be8 41.
Bf1 Bf7 42. Rb4 Be8 43. Rd4 R8c7 44. Re1 Bd7 45. Re3 Ke7 46. Re1 Kd8 47. Ke3
Ke7 48. Be2 Kf6 49. Rf1 Kg6 50. Rg1 Be8 51. h4 Bf7 52. hxg5 hxg5 53. Rgd1 g4
54. Rb4 Bxd5 55. Rxb5 Kf6 56. Rxd5 Rxd5 57. Rxd5 Ke6 58. Rd4 Rh7 59. Bc4+ Kd7
60. Rd2 Rh8 61. Bd5 Rb8 1-0

[Event "25.Schlosspark-Open"]
[Site "Wiesbaden-Biebrich"]
[Date "2013.08.24"]
[Round "5.64"]
[White "Klebs, Sebastian"]
[Black "Beck, Andreas"]
[Result "0-1"]
[WhiteElo "1707"]
[BlackElo "1884"]
[PlyCount "60"]
[EventDate "2013.??.??"]
[WhiteTeam "VfR-SC Koblenz"]
[BlackTeam "TSV Germania 1900 Malschenberg"]

1. e4 c5 2. Nf3 d6 3. d4 cxd4 4. Nxd4 Nf6 5. Nc3 a6 6. Be2 e5 7. Nb3 Be7 8. O-O
Be6 9. Kh1 Nbd7 10. Be3 b5 11. a3 Rc8 12. f3 O-O 13. Qd2 Nb6 14. Rfd1 Qc7 15.
Rac1 Bc4 16. Qe1 Rfd8 17. Nd2 Bxe2 18. Qxe2 d5 19. exd5 Nfxd5 20. Nxd5 Nxd5 21.
Bf2 Nf4 22. Qe1 f5 23. Be3 Ne6 24. c4 b4 25. a4 Bc5 26. Nf1 a5 27. Rd5 Bd4 28.
Bxd4 Rxd5 29. Bf2 Nf4 30. cxd5 Qxc1 0-1

[Event "25.Schlosspark-Open"]
[Site "Wiesbaden-Biebrich"]
[Date "2013.08.24"]
[Round "5.65"]
[White "Triantafillidis, Zoe"]
[Black "Thomele, Michael"]
[Result "1/2-1/2"]
[WhiteElo "1691"]
[BlackElo "1882"]
[PlyCount "83"]
[EventDate "2013.??.??"]
[WhiteTeam "SF HN-Biberach 1978 e.V."]
[BlackTeam "SC 1959 Obernau"]

1. e4 c5 2. Nf3 d6 3. d4 cxd4 4. Nxd4 Nf6 5. Nc3 e5 6. Nf3 Be7 7. Bg5 a6 8. Bc4
Be6 9. Bb3 Bxb3 10. cxb3 Nbd7 11. O-O O-O 12. Qe2 Rc8 13. Rfd1 Qc7 14. Rac1 Qb8
15. Nh4 Rfe8 16. Nf5 Bf8 17. Qd2 Re6 18. f3 b5 19. Nd5 Nxd5 20. Rxc8 Qxc8 21.
exd5 Re8 22. Rc1 Qb8 23. Rc6 Nc5 24. b4 Nb7 25. Rxa6 Qc8 26. Ne3 Nd8 27. Rb6 f6
28. Bh4 f5 29. Qc2 Qa8 30. a3 f4 31. Nf5 Qxd5 32. Qe4 Qd1+ 33. Kf2 g6 34. Bxd8
gxf5 35. Qxf5 Qd4+ 36. Kf1 Qc4+ 37. Kf2 Rxd8 38. Qg5+ Kh8 39. Qxd8 Qc2+ 40. Kf1
Qd1+ 41. Kf2 Qd2+ 42. Kf1 1/2-1/2

[Event "25.Schlosspark-Open"]
[Site "Wiesbaden-Biebrich"]
[Date "2013.08.24"]
[Round "5.66"]
[White "Bolduan, Michael"]
[Black "Lessmann, Sven"]
[Result "1-0"]
[WhiteElo "1862"]
[BlackElo "1697"]
[PlyCount "47"]
[EventDate "2013.??.??"]
[WhiteTeam "SC Taunusstein 1966"]
[BlackTeam "SC Bad Soden"]

1. e4 d6 2. d4 Nf6 3. Nc3 g6 4. Bc4 Bg7 5. Qe2 O-O 6. e5 dxe5 7. dxe5 Re8 8.
Bd2 c6 9. e6 fxe6 10. Bxe6+ Bxe6 11. Qxe6+ Kh8 12. O-O-O Qd6 13. Qh3 e6 14. Nf3
Nbd7 15. Rhe1 h5 16. Ng5 Kg8 17. Rxe6 Rxe6 18. Qxe6+ Qxe6 19. Nxe6 Ng4 20. Bg5
Nf8 21. Nxg7 Kxg7 22. f3 Ne5 23. Ne4 Ne6 24. Bf6+ 1-0

[Event "25.Schlosspark-Open"]
[Site "Wiesbaden-Biebrich"]
[Date "2013.08.24"]
[Round "5.67"]
[White "Englert, Fred"]
[Black "Löster, Mario"]
[Result "1-0"]
[WhiteElo "1841"]
[BlackElo "1431"]
[PlyCount "69"]
[EventDate "2013.??.??"]
[WhiteTeam "SK 1982 Klingenberg/Main"]
[BlackTeam "FC 1934 Wiesbaden-Bierstadt"]

1. c4 g6 2. g3 Bg7 3. Bg2 c5 4. Nc3 Nf6 5. Nf3 a6 6. O-O d6 7. d4 cxd4 8. Nxd4
Qc7 9. Qd3 Nbd7 10. b3 Nc5 11. Qd2 e5 12. Nf3 Nce4 13. Nxe4 Nxe4 14. Qe3 Nc5
15. Bb2 O-O 16. Nd2 f5 17. Bd5+ Be6 18. Bg2 e4 19. Bxg7 Qxg7 20. Rfd1 Rad8 21.
Rac1 Bc8 22. Nb1 Qe7 23. Nc3 Be6 24. Rd2 Rd7 25. b4 Rc8 26. bxc5 Rxc5 27. Nd5
Qf7 28. Nb6 Rd8 29. Rcd1 Rc6 30. f3 Bxc4 31. Nxc4 Qxc4 32. fxe4 fxe4 33. Bxe4
Qc5 34. Qxc5 Rxc5 35. Bxb7 1-0

[Event "25.Schlosspark-Open"]
[Site "Wiesbaden-Biebrich"]
[Date "2013.08.24"]
[Round "5.68"]
[White "Binfet, Daniel"]
[Black "Liez, Franziska"]
[Result "1/2-1/2"]
[WhiteElo "1670"]
[BlackElo "1841"]
[PlyCount "92"]
[EventDate "2013.??.??"]
[WhiteTeam "TuS Makkabi Wiesbaden"]
[BlackTeam "Biebertaler SF"]

1. e4 e5 2. Nf3 Nc6 3. Bb5 a6 4. Ba4 Nf6 5. O-O b5 6. Bb3 Be7 7. Re1 Bb7 8. c3
O-O 9. d3 d6 10. Bg5 h6 11. Bxf6 Bxf6 12. Nbd2 Re8 13. Nf1 Na5 14. Bc2 d5 15.
d4 dxe4 16. Bxe4 Bxe4 17. Rxe4 exd4 18. Rxe8+ Qxe8 19. Nxd4 Rd8 20. Qc2 Bxd4
21. cxd4 Qd7 22. d5 Nc4 23. Rc1 Qxd5 24. b3 Nb6 25. Ne3 Qe6 26. Nf1 Rd7 27. h3
Nd5 28. Ng3 Nb4 29. Qb1 Qb6 30. Qf5 Qd6 31. Re1 Rd8 32. Qg4 Nd5 33. Rd1 Qg6 34.
Qf3 c6 35. Nf5 Re8 36. Nd4 Ne7 37. Qc3 Rc8 38. Qc5 Qg5 39. Qa7 c5 40. Nf3 Qf6
41. Re1 Nf5 42. Ne5 Nd4 43. Nd7 Qc6 44. Ne5 Qf6 45. Nd7 Qd6 46. Ne5 Qf6 1/2-1/2

[Event "25.Schlosspark-Open"]
[Site "Wiesbaden-Biebrich"]
[Date "2013.08.24"]
[Round "5.69"]
[White "Mehl, Ulrich"]
[Black "Goldschmidt, Andreas"]
[Result "1/2-1/2"]
[WhiteElo "1520"]
[BlackElo "1836"]
[PlyCount "52"]
[EventDate "2013.??.??"]
[WhiteTeam "SAbt TSG Nieder-Erlenbach 1888"]
[BlackTeam "SC 1953 Ronneburg"]

1. d4 d5 2. c4 e6 3. Nc3 Nf6 4. Bg5 Be7 5. e3 O-O 6. Nf3 h6 7. Bh4 b6 8. cxd5
Nxd5 9. Bxe7 Qxe7 10. Rc1 Na6 11. Bd3 Nab4 12. Bb1 Ba6 13. a3 Nxc3 14. Rxc3 Nd5
15. Rc1 Rfc8 16. Bd3 Bb7 17. O-O c5 18. Qe2 a6 19. Bb1 b5 20. Qc2 Nf6 21. dxc5
Be4 22. Qd2 Bxb1 23. Rxb1 Rxc5 24. Rfc1 Rac8 25. Rxc5 Qxc5 26. Rd1 Qc2 1/2-1/2

[Event "25.Schlosspark-Open"]
[Site "Wiesbaden-Biebrich"]
[Date "2013.08.24"]
[Round "5.70"]
[White "Lehmann, Wolfgang"]
[Black "Ivkin, Michael"]
[Result "0-1"]
[WhiteElo "1482"]
[BlackElo "1822"]
[PlyCount "86"]
[EventDate "2013.??.??"]
[WhiteTeam "Wiesbadener SV 1885"]
[BlackTeam "Wiesbadener SV 1885"]

1. d4 Nf6 2. Nf3 c5 3. c3 e6 4. Bg5 h6 5. Bh4 Nc6 6. e3 d5 7. Nbd2 Bd6 8. dxc5
Bxc5 9. Be2 Bd6 10. O-O Qc7 11. Bg3 Bxg3 12. fxg3 Ng4 13. Re1 Nxe3 14. Qa4 Bd7
15. Bb5 Qb6 16. Nd4 Nf5 17. N2f3 O-O 18. Kh1 Nd6 19. Bxc6 Bxc6 20. Qc2 Rac8 21.
Ne5 Qc7 22. Qf2 Qe7 23. Rac1 Ne4 24. Qe3 Qg5 25. Qxg5 Nxg5 26. Kg1 Rfe8 27. c4
Ne4 28. cxd5 Bxd5 29. a3 f6 30. Nef3 Kf7 31. Nb5 Rxc1 32. Rxc1 a6 33. Rc7+ Re7
34. Rxe7+ Kxe7 35. Nc3 Nxc3 36. bxc3 Kd6 37. Nd2 Kc5 38. Kf2 Kb5 39. Ke3 Ka4
40. Kd4 Kxa3 41. Kc5 Bxg2 42. c4 e5 43. h4 a5 0-1

[Event "25.Schlosspark-Open"]
[Site "Wiesbaden-Biebrich"]
[Date "2013.08.24"]
[Round "5.71"]
[White "Siegismund, Florian"]
[Black "Triantafillidis, Dimitrios"]
[Result "1-0"]
[WhiteElo "1813"]
[BlackElo "1660"]
[PlyCount "57"]
[EventDate "2013.??.??"]
[WhiteTeam "SK Bad Schwalbach"]
[BlackTeam "SF HN-Biberach 1978 e.V."]

1. d4 Nf6 2. c4 g6 3. Nc3 Bg7 4. e4 d6 5. Nf3 O-O 6. Be2 Re8 7. O-O e5 8. d5
Bg4 9. Ne1 Bxe2 10. Qxe2 Nbd7 11. Nd3 c6 12. f3 cxd5 13. cxd5 Rc8 14. Be3 Nb6
15. Rfc1 Re7 16. Rc2 Rec7 17. Rac1 Nc4 18. Nb5 Nxe3 19. Rxc7 Rxc7 20. Nxc7 Bh6
21. Rc3 a6 22. b4 Qc8 23. Nb5 Qd8 24. Na3 Nh5 25. Nc2 Qb6 26. Nxe3 Bxe3+ 27.
Kf1 Bg1 28. g4 Ng7 29. Rc8+ 1-0

[Event "25.Schlosspark-Open"]
[Site "Wiesbaden-Biebrich"]
[Date "2013.08.24"]
[Round "5.72"]
[White "Mütsch, Annmarie"]
[Black "Schellen, Sven"]
[Result "1/2-1/2"]
[WhiteElo "1277"]
[BlackElo "1805"]
[PlyCount "131"]
[EventDate "2013.??.??"]
[WhiteTeam "SF HN-Biberach 1978 e.V."]
[BlackTeam "Sfr. Frankfurt 1921"]

1. e4 Nf6 2. e5 Nd5 3. d4 d6 4. c4 Nb6 5. f4 g6 6. Nf3 Bg7 7. Be2 O-O 8. O-O c6
9. Be3 f6 10. Qb3 fxe5 11. dxe5 Kh8 12. Bxb6 Qxb6+ 13. Qxb6 axb6 14. Nc3 Rxf4
15. exd6 Bxc3 16. dxe7 Re4 17. bxc3 Rxe7 18. Rfe1 Bf5 19. Nd4 Bd7 20. Kf2 Na6
21. Nb3 Rf8+ 22. Kg1 Rfe8 23. Kf2 c5 24. Bf3 Be6 25. Bd5 Kg7 26. Bxe6 Rxe6 27.
Rxe6 Rxe6 28. Re1 Nc7 29. Nd2 Rxe1 30. Kxe1 Kf6 31. Kf2 Ne8 32. g3 Nd6 33. h3
Ke5 34. Kf3 b5 35. cxb5 Nxb5 36. Ne4 b6 37. Ke3 Nc7 38. c4 Ne6 39. Nd2 Nd4 40.
Kd3 Nf5 41. Ne4 h6 42. a3 Nd4 43. Nf2 h5 44. Nd1 Nf5 45. g4 hxg4 46. hxg4 Nh6
47. Ne3 g5 48. a4 Kf4 49. Nd5+ Kf3 50. Nxb6 Nxg4 51. a5 Ne5+ 52. Kd2 g4 53. a6
Nc6 54. Nd5 g3 55. Ne3 Ke4 56. Ng2 Kd4 57. Ne3 Na7 58. Nf5+ Kxc4 59. Nxg3 Kb3
60. Kc1 Ka4 61. Kc2 Kb4 62. Kb2 Nb5 63. Ne4 c4 64. Nd6 c3+ 65. Kc1 Na7 66. Ne4
1/2-1/2

[Event "25.Schlosspark-Open"]
[Site "Wiesbaden-Biebrich"]
[Date "2013.08.24"]
[Round "5.73"]
[White "Baumeister, Lutz"]
[Black "Wilke, Jörg"]
[Result "0-1"]
[WhiteElo "1617"]
[BlackElo "1926"]
[PlyCount "52"]
[EventDate "2013.??.??"]
[WhiteTeam "Wiesbadener SV 1885"]
[BlackTeam "SC Matt im Park Ffm"]

1. d4 d5 2. Nf3 Nf6 3. e3 Bg4 4. h3 Bh5 5. Nbd2 e6 6. a3 c5 7. c3 Nc6 8. Bb5
Qb6 9. Be2 Be7 10. O-O O-O 11. Kh1 Qc7 12. dxc5 Bxc5 13. Nd4 Bg6 14. Nxc6 bxc6
15. Nf3 e5 16. Nh4 Qe7 17. b4 Bb6 18. Bb2 Ne4 19. Nxg6 fxg6 20. Bf3 Nxf2+ 21.
Rxf2 e4 22. Bc1 Qe5 23. Bd2 Rf6 24. Qe2 Raf8 25. Raf1 Qg3 26. Kg1 Bc7 0-1

[Event "25.Schlosspark-Open"]
[Site "Wiesbaden-Biebrich"]
[Date "2013.08.24"]
[Round "5.74"]
[White "Fröhlich-Dill, Astrid"]
[Black "Rößler, Lukas Namgyu"]
[Result "1-0"]
[WhiteElo "1904"]
[BlackElo "1604"]
[PlyCount "85"]
[EventDate "2013.??.??"]
[WhiteTeam "SV 1920 Hofheim"]
[BlackTeam "SK Mannheim-Lindenhof 1865"]

1. d4 d5 2. Nf3 e6 3. c4 c5 4. cxd5 exd5 5. Nc3 Nc6 6. e3 Nf6 7. Bb5 a6 8.
Bxc6+ bxc6 9. Qa4 Bd7 10. O-O Bd6 11. dxc5 Bxc5 12. Qf4 O-O 13. b4 Bb6 14. Bb2
Bc7 15. Qd4 Qe7 16. Ne2 Bg4 17. Ng3 Bxg3 18. hxg3 Rab8 19. Bc3 Qe4 20. Ne5 Rfc8
21. Qa7 Be6 22. Qxa6 Ra8 23. Qe2 Ne8 24. f3 Qf5 25. a4 Nd6 26. Bd4 f6 27. g4
Qg5 28. Nd3 Nc4 29. Nc5 Bf7 30. a5 f5 31. gxf5 Qxf5 32. Qf2 Rcb8 33. g4 Qc8 34.
Bc3 Qe8 35. Rfe1 Bg6 36. e4 Qf7 37. e5 Rf8 38. Kg2 Rfe8 39. e6 Qe7 40. Qd4 Nd6
41. Bd2 Nb5 42. Qe5 Nd6 43. Bg5 1-0

[Event "25.Schlosspark-Open"]
[Site "Wiesbaden-Biebrich"]
[Date "2013.08.24"]
[Round "5.75"]
[White "Künitz, Klaus"]
[Black "Lukas, Sebastian"]
[Result "0-1"]
[WhiteElo "1535"]
[BlackElo "1872"]
[PlyCount "58"]
[EventDate "2013.??.??"]
[WhiteTeam "TSV Schott Mainz"]
[BlackTeam "SC 1979 Hattersheim"]

1. d4 d5 2. c4 c6 3. Nf3 Nf6 4. cxd5 cxd5 5. Nc3 Nc6 6. Bf4 Bf5 7. e3 Nh5 8.
Bg5 h6 9. Bh4 g5 10. Bg3 Nxg3 11. fxg3 e6 12. Bd3 Bxd3 13. Qxd3 Bg7 14. O-O O-O
15. Rae1 a6 16. a3 Na5 17. e4 dxe4 18. Nxe4 Nc6 19. Rd1 g4 20. Ne5 Nxe5 21.
dxe5 Qxd3 22. Rxd3 Bxe5 23. Rd7 Rab8 24. Nc5 Rbd8 25. Rxd8 Rxd8 26. Nxb7 Rd7
27. Na5 Bxb2 28. Nc4 Bd4+ 29. Kh1 f5 0-1

[Event "25.Schlosspark-Open"]
[Site "Wiesbaden-Biebrich"]
[Date "2013.08.24"]
[Round "5.76"]
[White "Schöneberger, Thomas"]
[Black "Zeyen, Helmut"]
[Result "0-1"]
[WhiteElo "1382"]
[BlackElo "1808"]
[PlyCount "83"]
[EventDate "2013.??.??"]
[WhiteTeam "SC 1979 Hattersheim"]
[BlackTeam "Wiesbadener SV 1885"]

1. e4 d5 2. exd5 Qxd5 3. Nc3 Qd6 4. Bc4 Nf6 5. Nge2 c6 6. d3 Bf5 7. h3 Nbd7 8.
Bf4 e5 9. Bh2 Qc7 10. O-O Bd6 11. Ng3 Bg6 12. Nge4 b5 13. Nxd6+ Qxd6 14. Bb3
O-O 15. d4 Qxd4 16. Qf3 Qb6 17. Rfe1 a5 18. a4 b4 19. Nd1 e4 20. Qe2 Nd5 21.
Ne3 Nxe3 22. fxe3 Nf6 23. Be5 Nd5 24. Bd4 Qc7 25. Qg4 h5 26. Qg5 Qe7 27. Qg3
Kh7 28. Rf1 Rad8 29. Rf5 f6 30. Rf2 c5 31. Bxc5 Qxc5 32. Re2 Ne7 33. Rf1 Qe5
34. Qxe5 fxe5 35. Rxf8 Rxf8 36. Rd2 Nf5 37. Rd7 h4 38. Ra7 Bh5 39. Rxa5 Be2 40.
Rxe5 Ng3 41. Bd5 Rf1+ 42. Kh2 0-1

[Event "25.Schlosspark-Open"]
[Site "Wiesbaden-Biebrich"]
[Date "2013.08.24"]
[Round "5.78"]
[White "Reinisch, Markus"]
[Black "Schneider, Lutz"]
[Result "1-0"]
[WhiteElo "1040"]
[BlackElo "1772"]
[PlyCount "83"]
[EventDate "2013.??.??"]
[WhiteTeam "Wiesbadener SV 1885"]
[BlackTeam "Vorw.Orient Mainz"]

1. e4 c6 2. d4 d5 3. e5 Bf5 4. Nc3 e6 5. g4 Bg6 6. h4 h5 7. Be3 hxg4 8. Qxg4
Nh6 9. Qe2 Nf5 10. h5 Nxe3 11. fxe3 Bf5 12. Bg2 Bb4 13. Nf3 Bg4 14. O-O-O Bxh5
15. e4 Qa5 16. Rd3 Nd7 17. a3 Be7 18. Qd2 O-O-O 19. Kb1 Bg6 20. Nxd5 Qxd2 21.
Nxe7+ Kc7 22. Nxd2 Rxh1+ 23. Bxh1 Bh5 24. Bf3 g6 25. Bxh5 gxh5 26. Rg3 Re8 27.
Ng8 h4 28. Rg1 c5 29. c3 cxd4 30. cxd4 Rd8 31. Nf3 h3 32. Nf6 Rh8 33. Nxd7 Kxd7
34. Rh1 Ke7 35. Ng5 h2 36. Nf3 Rh3 37. Nxh2 Kd7 38. Kc2 Kc6 39. Kd2 Kb5 40. d5
a5 41. d6 Kc6 42. Rc1+ 1-0

[Event "25.Schlosspark-Open"]
[Site "Wiesbaden-Biebrich"]
[Date "2013.08.24"]
[Round "5.79"]
[White "Maleski, Heinz"]
[Black "Künne, Lutz Dieter"]
[Result "1-0"]
[WhiteElo "1771"]
[BlackElo "1542"]
[PlyCount "109"]
[EventDate "2013.??.??"]
[WhiteTeam "SC Budenheim"]
[BlackTeam "Kings Club 98 Jena"]

1. d4 d5 2. Bf4 Nf6 3. e3 c6 4. Nf3 Nbd7 5. Be2 e6 6. Nbd2 Be7 7. h3 O-O 8. O-O
c5 9. c4 b6 10. cxd5 Nxd5 11. Bg3 Bb7 12. a3 cxd4 13. Nxd4 Rc8 14. Qa4 a5 15.
Rfc1 Nc5 16. Qd1 Bd6 17. Bxd6 Qxd6 18. Nc4 Qb8 19. e4 Nxe4 20. Bf3 Nef6 21. Qb3
Ba6 22. Ne3 Nxe3 23. Qxe3 Nd5 24. Qb3 Rfd8 25. Nc6 Qf4 26. Bxd5 Re8 27. Bf3 b5
28. Rc3 Kf8 29. Nxa5 Rxc3 30. bxc3 Rc8 31. Qb4+ Qxb4 32. cxb4 Rc7 33. a4 bxa4
34. Rxa4 Rc1+ 35. Kh2 Bb5 36. Ra2 Rb1 37. Nc6 Bxc6 38. Bxc6 Rxb4 39. Ra8+ Ke7
40. Ra7+ Kf8 41. f3 Rd4 42. Ra8+ Ke7 43. Re8+ Kf6 44. Be4 g6 45. h4 Rd7 46. g4
Kg7 47. Kg3 h6 48. Rb8 Rc7 49. Rb7 Rxb7 50. Bxb7 g5 51. h5 e5 52. Bc8 f6 53.
Kf2 Kf7 54. Ke3 Ke7 55. Ke4 1-0

[Event "25.Schlosspark-Open"]
[Site "Wiesbaden-Biebrich"]
[Date "2013.08.24"]
[Round "5.80"]
[White "Gnad, Gunnar"]
[Black "Triantafillidis, Simeon"]
[Result "1-0"]
[WhiteElo "1755"]
[BlackElo "1371"]
[PlyCount "67"]
[EventDate "2013.??.??"]
[WhiteTeam "Gambit Bonneweg"]
[BlackTeam "SF HN-Biberach 1978 e.V."]

1. c4 e5 2. Nc3 Nf6 3. Nf3 Nc6 4. e3 Bb4 5. Nd5 O-O 6. Nxb4 Nxb4 7. Nxe5 d6 8.
Nf3 Bf5 9. d3 Re8 10. Be2 Qd7 11. a3 Nc6 12. d4 Rad8 13. O-O d5 14. b4 Ne7 15.
Bb2 Ng6 16. Rc1 Ne4 17. cxd5 Qxd5 18. Rxc7 Rd7 19. Rxd7 Qxd7 20. Qa1 f6 21. a4
a6 22. b5 Ra8 23. bxa6 bxa6 24. Rc1 Kh8 25. Rd1 Qb7 26. Nd2 Rb8 27. Ba3 Rc8 28.
Nxe4 Bxe4 29. f3 Bc6 30. Rb1 Qd7 31. Bxa6 Ra8 32. Bb5 Bxb5 33. Rxb5 Rxa4 34.
Rb8+ 1-0

[Event "25.Schlosspark-Open"]
[Site "Wiesbaden-Biebrich"]
[Date "2013.08.24"]
[Round "5.81"]
[White "Klein, Simon"]
[Black "Pade, Joachim"]
[Result "0-1"]
[WhiteElo "919"]
[BlackElo "1754"]
[PlyCount "38"]
[EventDate "2013.??.??"]
[WhiteTeam "Sfr. Frankfurt 1921"]
[BlackTeam "Sfr. Anderssen Wetzlar"]

1. Nf3 e6 2. d4 f5 3. Bg5 Nf6 4. c4 Be7 5. c5 O-O 6. e3 d6 7. b4 a6 8. Bc4 Ne4
9. Bf4 g5 10. Nxg5 Bxg5 11. Bxg5 Qxg5 12. O-O Rf7 13. Qb3 d5 14. Bd3 Rg7 15. g3
h5 16. h4 Qg6 17. Na3 Nxg3 18. fxg3 Qxg3+ 19. Kh1 Qg2# 0-1